000
00383nam a2200133Ia 4500
008
100328s9999 xx 000 0 und d
082
_b
16952
100
_a
राघव रांगेय-अनु.
245
_a
मन के बनन
260
_b
शिक्षा भारती
630
_a
मन के बनन
730
_a
मन के बनन
942
_c
BOOK
999
_c
511584
_d
511581